[Event "Rostov Region-ch op"]
[Site "Rostov on Don"]
[Date "2011.10.20"]
[Round "9.7"]
[White "Elizarov, Dmitry"]
[Black "Telmanov, Andrey"]
[Result "1-0"]
[WhiteElo "2344"]
[BlackElo "2110"]
[PlyCount "81"]
[EventDate "2011.10.20"]
[EventType "swiss"]
[EventRounds "9"]
[EventCountry "RUS"]
[SourceTitle "EXT 2022"]
[Source "ChessBase"]
[SourceDate "2021.10.06"]
[SourceVersion "1"]
[SourceVersionDate "2021.10.06"]
[SourceQuality "1"]

1. d4 c5 2. d5 e5 3. c4 d6 4. e4 g6 5. Nc3 Bg7 6. Be3 Ne7 7. Qd2 h6 8. 0-0-0 f5 9. f3 f4 10. Bf2 Nd7 11. Bd3 Nf6 12. Nge2 Bd7 13. Kc2 a6 14. Ra1 Qc7 15. Rhg1 b5 16. a3 Kf7 17. Kd1 Rhb8 18. cxb5 axb5 19. b4 c4 20. Bc2 Nc8 21. a4 bxa4 22. Bxa4 Bxa4+ 23. Nxa4 Nd7 24. Nec3 Bf6 25. Ra2 Bd8 26. Ke2 Rb7 27. b5 Ncb6 28. Nxb6 Rxa2 29. Qxa2 Nxb6 30. Ra1 h5 31. Qa3 g5 32. Qb4 g4 33. Ra6 Qb8 34. Qa3 Bc7 35. Na2 Qc8 36. Ra7 Rxa7 37. Qxa7 Nd7 38. Nb4 c3 39. Qa6 Qe8 40. Qb7 Qb8 41. Qxb8 1-0

[Event "Rostov Region-ch op"]
[Site "Rostov on Don"]
[Date "2011.10.20"]
[Round "6.12"]
[White "Telmanov, Andrey"]
[Black "Bekker, Maxim"]
[Result "0-1"]
[WhiteElo "2110"]
[BlackElo "2271"]
[PlyCount "94"]
[EventDate "2011.10.20"]
[EventType "swiss"]
[EventRounds "9"]
[EventCountry "RUS"]
[SourceTitle "EXT 2022"]
[Source "ChessBase"]
[SourceDate "2021.10.06"]
[SourceVersion "1"]
[SourceVersionDate "2021.10.06"]
[SourceQuality "1"]

1. c4 e6 2. e4 d5 3. Nc3 dxe4 4. Nxe4 c5 5. Nf3 Nc6 6. d3 Nf6 7. Be3 b6 8. Qa4 Bd7 9. 0-0-0 Be7 10. Rd2 Qc7 11. Qd1 0-0 12. h3 Rfd8 13. g4 Bc8 14. Nxf6+ Bxf6 15. g5 Bd4 16. h4 Bb7 17. Rh3 Ne5 18. Bg2 Bxe3 19. fxe3 Rab8 20. Ne1 b5 21. cxb5 Qa5 22. Kb1 Qxb5 23. e4 c4 24. d4 Rxd4 25. Qc2 Rbd8 26. Rxd4 Rxd4 27. Re3 Qd7 28. a3 Bc6 29. Nf3 Ba4 30. Qe2 Rd1+ 31. Ka2 Bb3+ 32. Rxb3 cxb3+ 33. Kxb3 Qd3+ 34. Qxd3 Rxd3+ 35. Kc2 Rxf3 36. Bxf3 Nxf3 37. Kd3 Ne5+ 38. Kd4 Nd7 39. Kc4 Kf8 40. Kb5 Nb8 41. e5 Ke7 42. b4 Kd7 43. a4 Kc7 44. a5 Nc6 45. Ka6 Nxb4+ 46. Kxa7 Nc6+ 47. Ka6 Nxe5 0-1

[Event "Rostov-ch"]
[Site "Rostov on Don"]
[Date "2010.??.??"]
[Round "3"]
[White "Telmanov, Andrey"]
[Black "Lugovoi, Yuriy"]
[Result "1-0"]
[WhiteElo "2132"]
[BlackElo "1890"]
[PlyCount "75"]
[EventDate "2010.11.21"]
[EventType "swiss"]
[EventRounds "9"]
[EventCountry "RUS"]
[SourceTitle "EXT 2012"]
[Source "ChessBase"]
[SourceDate "2011.11.24"]
[SourceVersion "1"]
[SourceVersionDate "2011.11.24"]
[SourceQuality "1"]

1. c4 Nf6 2. Nc3 e6 3. e4 d5 4. e5 Ng8 5. cxd5 exd5 6. d4 Bf5 7. Qb3 Qc8 8. Nxd5 Be6 9. Bc4 c6 10. Nc3 Bxc4 11. Qxc4 Qg4 12. g3 b5 13. Qd3 Bb4 14. Nge2 Ne7 15. 0-0 Nd7 16. f4 Nf5 17. Ne4 a6 18. Ng5 Nh6 19. f5 Nxe5 20. dxe5 Bc5+ 21. Kg2 0-0 22. f6 g6 23. Ne4 Rfd8 24. Qf3 Bf8 25. Bxh6 Qxf3+ 26. Rxf3 Bxh6 27. Nd6 Bf8 28. Rd1 c5 29. Rfd3 Ra7 30. Nc3 Rc7 31. a3 b4 32. Nd5 Rcd7 33. axb4 Bxd6 34. exd6 cxb4 35. Nxb4 Rb8 36. Nxa6 Rxb2+ 37. R1d2 Rb5 38. Rd5 1-0

[Event "Rostov-ch"]
[Site "Rostov on Don"]
[Date "2010.??.??"]
[Round "7"]
[White "Telmanov, Andrey"]
[Black "Pavlov, Nikolay"]
[Result "1-0"]
[WhiteElo "2132"]
[BlackElo "2037"]
[PlyCount "59"]
[EventDate "2010.11.21"]
[EventType "swiss"]
[EventRounds "9"]
[EventCountry "RUS"]
[SourceTitle "EXT 2012"]
[Source "ChessBase"]
[SourceDate "2011.11.24"]
[SourceVersion "1"]
[SourceVersionDate "2011.11.24"]
[SourceQuality "1"]

1. c4 Nf6 2. Nc3 g6 3. e4 d6 4. g3 Bg7 5. Bg2 0-0 6. Nge2 c5 7. d3 Nc6 8. h3 a6 9. Be3 Bd7 10. Qd2 Rb8 11. f4 b5 12. g4 Na5 13. cxb5 axb5 14. 0-0 b4 15. Nd1 Bb5 16. Rc1 c4 17. d4 d5 18. e5 Ne4 19. Bxe4 dxe4 20. Rf2 Ba4 21. d5 f6 22. exf6 Bxf6 23. g5 Bg7 24. Bc5 c3 25. bxc3 Nc4 26. Qe1 Qxd5 27. cxb4 Bxd1 28. Qxd1 Qe6 29. Qb3 Qf7 30. Qxc4 1-0

[Event "RUS-ch 60th zt"]
[Site "Rostov on Don"]
[Date "2007.03.??"]
[Round "6"]
[White "Telmanov, Andrey"]
[Black "Fastova, Tatiana"]
[Result "1-0"]
[WhiteElo "2147"]
[BlackElo "2009"]
[PlyCount "67"]
[EventDate "2007.03.16"]
[EventType "swiss"]
[EventRounds "9"]
[EventCountry "RUS"]
[SourceTitle "EXT 2022"]
[Source "ChessBase"]
[SourceDate "2021.10.06"]
[SourceVersion "1"]
[SourceVersionDate "2021.10.06"]
[SourceQuality "1"]

1. c4 e5 2. Nc3 Nf6 3. g3 Bb4 4. Bg2 0-0 5. e4 Bxc3 6. dxc3 d6 7. Nf3 b6 8. Qe2 Bb7 9. Nd2 Nbd7 10. 0-0 Re8 11. Rd1 a5 12. b3 Nc5 13. f3 Qe7 14. Nf1 c6 15. Ne3 g6 16. Ba3 Red8 17. Rd2 Ne8 18. Rad1 Nc7 19. Bf1 Rd7 20. Qf2 Rad8 21. h4 N7e6 22. Bh3 Ra8 23. h5 Rdd8 24. Bxe6 Qxe6 25. Qh2 Rd7 26. Qh4 Kg7 27. Rh2 Rh8 28. h6+ Kf8 29. Ng4 Qe7 30. Nf6 Rd8 31. Rhd2 Ba8 32. f4 exf4 33. Qxf4 Ne6 34. Rxd6 1-0